| 000 | 01212ngm a22003370a 4500 | ||
|---|---|---|---|
| 001 | PT16733 | ||
| 003 | AR-LpoUNG | ||
| 005 | 20210202000236.0 | ||
| 007 | vd cvaizq | ||
| 008 | 191001s1980||||ag |||||||||||||||||spa d | ||
| 037 | _c$13.3 | ||
| 040 |
_aAR-LpoUNG _bspa _cAR-LpoUNG _eaacr |
||
| 041 | _aspa | ||
| 044 | _aag | ||
| 082 | 0 | _a982.064 934esm | |
| 100 | 1 |
_aRuiz Guiñazú, Magdalena _eprod. |
|
| 245 | 1 | 0 |
_aEsma : _bel día del juicio |
| 260 |
_aBuenos Aires : _bBlackman, _c[1980]. |
||
| 300 | _aVHS : son., col. | ||
| 505 | 0 | _aGuión: Walter Goobar ; edición: Silvia Di Florio ; fotografía: Göran Gester. | |
| 520 | _a<p>El film muestra un material inédito de las 530 horas de grabación del Juicio a las Juntas Militares que nunca había sido emitido por la TV argentina y extranjera debido a presiones políticas. Un documento apasionante donde se ve y se oye por primera vez el testimonio de las víctimas y el alegato del victimario.</p> | ||
| 650 | 4 | _aARGENTINA | |
| 650 | 4 | _aDICTADURA | |
| 650 | 4 | _aHISTORIA | |
| 650 | 4 | _aTORTURA | |
| 651 | 4 | _aArgentina | |
| 653 | _aDOCUMENTALES | ||
| 653 | _aVIDEOS | ||
| 905 | _a16733 | ||
| 942 | _cVIDEO | ||
| 999 |
_c54430 _d54430 |
||